State Profile - California - Statistics

General Stats
  • This quiz has been taken 49 times
  • The average score is 5 of 10
Answer Stats
Name California's... Answer % Correct
Biggest City Los Angeles
98%
Capital City Sacramento
98%
Nickname (Add state) The Golden State
83%
Year of Initiation into the U.S. 1850
63%
State Tree California Redwood
59%
State Flower California Poppy
50%
State Animal California Grizzly Bear
41%
State Song "I love you, California"
17%
State Insect (Specific) California Dogface Butterfly
9%
Flag colors (No "and" or commas required) Red, Brown, Green, and White
4%
No matching quizzes found
Score Distribution
Percent of People with Each Score
Percentile by Number Answered
Your Score History
You have not taken this quiz